O warunkach przelamywania recesji.
Jednou z ciest na prekonávanie ekonomického poklesu v trhovom hospodárstve pri súkromnom vlastníctve výrobných prostriedkov je rozšírenie dopytu po podnecovaní modernizačných investícií a inovácií. Vypracovanie dlho- a strednodobej rozvojovej stratégie v poľských podmienkach a štruktúrne premeny, ak...
Salvato in:
| Autore principale: | |
|---|---|
| Natura: | Capitolo di libro |
| Lingua: | polacco |
| Soggetti: | |
| Tags: |
Nessun Tag, puoi essere il primo ad aggiungerne!!
|
MARC
| LEADER | 00000naa a2200000 4500 | ||
|---|---|---|---|
| 001 | r002913 | ||
| 005 | 20220819192305.7 | ||
| 041 | 0 | |a pol | |
| 044 | |a PL | ||
| 245 | 1 | 0 | |a O warunkach przelamywania recesji. |c J. Kotowicz |
| 520 | |a Jednou z ciest na prekonávanie ekonomického poklesu v trhovom hospodárstve pri súkromnom vlastníctve výrobných prostriedkov je rozšírenie dopytu po podnecovaní modernizačných investícií a inovácií. Vypracovanie dlho- a strednodobej rozvojovej stratégie v poľských podmienkach a štruktúrne premeny, ako aj podrobenie si trhu a utvorenie infraštruktúry trhového mechanizmu. | ||
| 610 | 2 | 0 | |a recesia |
| 610 | 2 | 0 | |a vlastníctvo súkromné |
| 610 | 2 | 0 | |a prostriedky výrobné |
| 610 | 2 | 0 | |a investície modernizačné |
| 610 | 2 | 0 | |a inovácia |
| 610 | 2 | 0 | |a infraštruktúra |
| 610 | 2 | 0 | |a mechanizmus trhový |
| 610 | 2 | 0 | |a PR |
| 100 | 1 | |a Kotowicz, J. | |